000 00547cam a22002291 4500
001 ne 67001897
003 DLC
005 20260227111835.0
008 890514s1967 xx 000 0 ara
010 _ane 67001897
035 _a(OCoLC)23500020
040 _aDLC
_cMiU
_dDLC
042 _apremarc
050 0 0 _aBP135
_b.K5
100 1 _aKhaṭīb, Muḥammad ʻAjjāj.
245 1 0 _aUṣūl al-ḥadīth.
260 _c[1967]
300 _a480 p.
_c25 cm.
500 _aRomanized.
650 0 _aHadith
650 0 _aHadith
_xTerminology.
999 _c49856
_d49856